000 06347nam a2201429 a 4500
001 47731
003 BD-RjUL
005 20230709151726.0
008 160810r20171935b ||||| |||| 00| 0 eng d
020 _a9788175220218 (Set)
020 _a9788175221093 (V.1)
_c: IRs.90.00
020 _a9788175222854 (V-2)
_c: IRs. 100.00
020 _a97881752221093 (V-3)
_c: IRs. 85.00
020 _a9788175222359 (V-3)
020 _a9788175224261 (V-5)
_c : IRs. 100.00
020 _a9788175225015 (V-6)
020 _a9788175225268 (V-7)
020 _a9788175221383 (V-8)
020 _a9788175220775 (V-9)
020 _a9788175224155 (V-10)
020 _a9788175220461 (V-11)
020 _a9788175220973 (V-12)
020 _a9788175220218 (Set)
020 _a817522021X (Set)
020 _a8175221135 (V-13)
_c : IRs. 50.00
020 _a9788175222632 (V-14)
020 _a9788175220218 (Set)
020 _a9788175224902 (V-15)
020 _a9788175220218 (Set)
020 _a9788175220010 (V-16)
020 _a9788175220171 (V-17)
020 _a9788175220928 (V-19)
020 _a9788175221390 (V-20)
_c : IRs. 55.00
020 _a9788175222175 (V-21)
020 _a978817522028 (Set)
020 _a9788175225404 (V-22)
020 _a9788175220218 (Set)
020 _a817522018X (V-22)
020 _a9788175224780 (V-23)
020 _a9788175220218 (Set)
020 _a9788175221406 (V-24)
_c: IRs. 50.00
020 _a9788175220218 (Set)
020 _a9788175224650 (V-25)
_c : IRs. 70.00
020 _a8175220783 (V-26)
_c : IRs. 35.00
020 _a9788175222861 (V-27)
_c : IRs.45.00
020 _a8175220910 (V-28)
_c: IRs. 30.00
020 _a9788175225503 (V-28)
020 _a9788175220218 (Set)
020 _a9788175224278 (V-29)
020 _a9788175220218 (Set)
020 _a9788175222656 (V-30)
020 _a9788175220218 (Set)
020 _a9788175224872 (V-31)
020 _a9788175220218 (set)
020 _a9788175224285 (V-32)
_c: IRs. 70.00
020 _a9788175224087 (V-33)
020 _a9788175220218 (set)
020 _a9788175224551 (V-34)
020 _a9788175220218 (set)
020 _a8175221267 (V-35)
_c: IRs. 45.00
020 _a9788175224568 (V-35)
020 _a9788175220218 (set)
020 _a9788175224803 (V-36)
020 _a9788175220218 (set)
020 _a9788175220799 (V-37)
_c: IRs. 55.00
020 _a9788175222342 (V-38)
_c: IRs. 50.00
020 _a9788175224094 (V-40.)
_c: IRs.50.00
020 _a9788175224315 (V-41)
_c: IRs. 70.00
020 _a9788175221581 (V-42)
020 _a9788175220218 (set)
020 _a978817522110 (V-43)
_c: IRs. 50.00
020 _a9788175225466 (V-44)
020 _a9788175220218 (set)
020 _a8175223014 (V-45)
_c: IRs. 40.00
020 _a9788175225107 (V-45)
020 _a9788175221642 (V-46)
_c: IRs. 55.00
020 _a8175220155 (V-47)
_c: IRs. 55.00
020 _a9788175224957 (V-47)
020 _a9788175220218 (set)
020 _a9788175224964 (V-48)
020 _a9788175225664 (V-49)
020 _a9788175220218 (set)
020 _a9788175224971 (V-50)
020 _a9788175224292 (V-51)
_c : IRs. 55.00
020 _a817522108 (V-53)
_c: IRs. 35.00
020 _a9788175225176 (V-53)
020 _a9788175220218 (set)
020 _a8175220686 (V-54)
_c: IRs. 40.00
020 _a9788175225275 (V-54)
020 _a9788175220218 (set)
020 _a8175221725 (V-55)
_c: IRs. 35.00
020 _a9788175225671 (V-55)
020 _a9788175220942 (V-56)
_c : IRs.45.00
020 _a8175220163 (v-57)
020 _a9788175224308 (V-58)
_c: IRs. 65.00
020 _a8175221119 (V-59)
_c: IRs. 45.00
020 _a9788175224582 (V-59)
020 _a8175222336 (V-60)
_c: IRs.30.00
020 _a9788175225183 (V-60)
020 _a9788175224322 (V-61)
_c: IRs. 50.00
020 _a8175221631 (V-62)
_c: IRs. 20.00
020 _a9788175225480 (V-62)
020 _a8175221348 (V-63)
_c: IRs. 18.00
020 _a9788175225435 (V-63)
020 _a8175223375 (V-64)
_c: IRs. 35.00
020 _a9788175224018 (V-65)
020 _a9788175220218 (Set)
020 _a9788175224322 (V-66)
020 _a9788175220218 (Set)
035 _a(BD-RjUL)47850
040 _aBD-RjUL
_bben
_cBD-RjUL
041 _aben
082 _223
_a781.1
_bTAS 2020
100 1 _aঠাকুর, রবীন্দ্রনাথ
_9144975
245 1 0 _aস্বরবিতান /
_cরবীন্দ্রনাথ ঠাকুর
260 _aকলকাতা :
_b বিশ্বভারতী গ্রন্থবিভগ,
_c১৯৩৫ [পুনর্মুদ্রণ ১৯৩৫-২০২০]
300 _aখণ্ড ;
_c২৭ সেমি.
505 0 _aখণ্ড ১ -- খণ্ড ২ -- খণ্ড ৩ -- খণ্ড ৫ -- খণ্ড ৬ -- খণ্ড ৭ --খণ্ড ৮ -- খণ্ড ৯ -- খণ্ড ১০ -- খণ্ড ১১ -- খণ্ড ১২ --খণ্ড ১৩ -- খণ্ড ১৪--খণ্ড ১৫ -- খণ্ড ১৬ -- খণ্ড ১৭ -- খণ্ড ২০ -- খণ্ড ২১ -- খণ্ড ২২ -- খণ্ড ২৩ -- খণ্ড ২৪ -- খণ্ড ২৫ -- খণ্ড ২৬ -- খণ্ড ২৭ -- খণ্ড ২৮ -- খণ্ড ২৯ --খণ্ড ৩০-- খণ্ড ৩১--খণ্ড ৩২ -- খণ্ড ৩৩ -- খণ্ড ৩৪ --খণ্ড ৩৫ -- খণ্ড ৩৬ -- খণ্ড ৩৭ -- খণ্ড ৩৮ -- খণ্ড ৩৯ -- খণ্ড ৪০ -- খণ্ড ৪১ -- খণ্ড ৪২-- খণ্ড ৪৩ --খণ্ড ৪৪-- খণ্ড ৪৫ -- খণ্ড ৪৬ -- খণ্ড ৪৭ -- খণ্ড ৪৮ --খণ্ড ৪৯-- খণ্ড ৫০ --খণ্ড ৫১ -- খণ্ড ৫৩ -- খণ্ড ৫৪ -- খণ্ড ৫৫ -- খণ্ড ৫৬ -- খণ্ড ৫৭ --- খণ্ড ৫৮ -- খণ্ড ৫৯ -- খণ্ড ৬০ -- খণ্ড ৬১ -- খণ্ড ৬২ -- খণ্ড ৬৩ -- খণ্ড ৬৪ -- খণ্ড ৬৫ -- খণ্ড ৬৬ --
650 _aসঙ্গীতের মূলনীতি
_9144976
650 _aBasic Principles of Music
_9144977
942 _2ddc
_cBK
999 _c47731
_d47731